000 00840nam a2200229Ii 4500
003 JO-AjNU
008 230605s9999||||xx |||||||||||||| ||und||
017 _a2006/3/576
020 _a9957-16-154-7
040 _aJO-AjNU
_bara
_erda
_cJO-AjNU
041 _aara
050 1 4 _aKMQ425.6.U32.2007
100 3 _aعبيد ، مزهر جعفر,
_eauthor
_925064
245 0 0 _aشرح قانون الجزاء العماني / القسم الخاص : الجرائم الواقعة على الأفراد
250 _aط1
264 3 1 _aعمان : دار الثقافة ، 2007
300 _a320ص
_bيشتمل على مراجع ببلوغرافية ص ( 313 - 320 )
336 _atext
_btxt
_2rdacontent
337 _aunmediated
_bn
_2rdamedia
338 _avolume
_bnc
_2rdacarrier
650 4 _aجرائم الاموال -- عُمان 
_925065
999 _aA9326
_c12894
_d12894